000 00572nam a2200181 a 4500
001 000036764
005 20200930075925.0
008 120131s1970 mx 000 0 spa d
040 _aDO-SdBNP
_bspa
_cBNPHU
082 _axxxx
_bG981p
100 1 _aGurr, Ted Robert
_963095
240 1 0 _aWhy men rebel
245 1 3 _aEl porque de las rebeliones /
_cTed Robert Gurr; versión al español de Ramón Frausto.
260 _aMéxico :
_bEditores Asociados,
_c1970.
300 _a320 p. ;
_c21 cm.
504 _aBibliografía : p.255-308
700 1 _aFrausto, Ramón,
_etr.
_910745
999 _c36255
_d36255